| 000 | 00950nam0a2200301 4500 | ||
|---|---|---|---|
| 001 | RU\NLR\BIBL_A\012466553 | ||
| 005 | 20250624042348.0 | ||
| 010 | _93000 | ||
| 035 | _a(NLR Aleph) 012466553 | ||
| 090 |
_a13302997 _c13302997 |
||
| 100 | _a20210304d1961 |||y0rusy50 ca | ||
| 101 | 0 | _akir | |
| 102 | _aKG | ||
| 105 | _ay z 000gy | ||
| 181 | 0 |
_ai _baxxe |
|
| 182 | 0 | _an | |
| 200 | 1 |
_a[Ырлар, интермедиялар] _fРайкан Шүкүрбеков |
|
| 203 |
_aТекст _bвизуальный _cнепосредственный |
||
| 210 |
_aФрунзе _cКыргызмамбас _d1961 |
||
| 215 |
_a289,[1] c. _d17 |
||
| 541 | 1 |
_6z01790 _a[Стихи, интермедии] _zrus |
|
| 686 | 1 | _aШ6(2=Ки)7-5 | |
| 700 | 1 |
_aШүкүрбеков _bР. _gРайкан _4070 |
|
| 790 | 1 |
_6z01541 _aШукурбеков _bР. _gРайкан _4070 |
|
| 852 |
_aNLR _bОНЛ _jКирг./2-3283 |
||
| 942 | _cBOOK | ||
| 980 | _aNB | ||